| 000 -LEADER |
| fixed length control field |
02619 a2200385 4500 |
| 003 - CONTROL NUMBER IDENTIFIER |
| control field |
Nust |
| 005 - DATE AND TIME OF LATEST TRANSACTION |
| control field |
20170207164750.0 |
| 020 ## - INTERNATIONAL STANDARD BOOK NUMBER |
| International Standard Book Number |
0387927670 |
| 020 ## - INTERNATIONAL STANDARD BOOK NUMBER |
| International Standard Book Number |
0387927670 (eisbn) |
| 020 ## - INTERNATIONAL STANDARD BOOK NUMBER |
| International Standard Book Number |
9780387927671 (eisbn) |
| 035 ## - SYSTEM CONTROL NUMBER |
| System control number |
(EBZ)ebs527356e |
| 035 ## - SYSTEM CONTROL NUMBER |
| System control number |
(SFX)1000000000761412 |
| 035 ## - SYSTEM CONTROL NUMBER |
| System control number |
(WaSeSS)ssj0000102837 |
| 035 ## - SYSTEM CONTROL NUMBER |
| System control number |
(WaSeSS)ssj0000102837 |
| 035 ## - SYSTEM CONTROL NUMBER |
| System control number |
(WaSeSS)ssj0000102837 |
| 040 ## - CATALOGING SOURCE |
| Transcribing agency |
Nust |
| 082 04 - DEWEY DECIMAL CLASSIFICATION NUMBER |
| Classification number |
621.3815324 |
| 100 1# - MAIN ENTRY--PERSONAL NAME |
| Personal name |
Wanhammar, Lars, |
| 245 10 - TITLE STATEMENT |
| Title |
Analog Filters using MATLAB(E BOOK) |
| Medium |
[Elektronisk resurs] / |
| Statement of responsibility, etc. |
Lars Wanhammar |
| 260 ## - PUBLICATION, DISTRIBUTION, ETC. |
| Place of publication, distribution, etc. |
Dordrecht ; |
| -- |
London : |
| Name of publisher, distributor, etc. |
Springer, |
| Date of publication, distribution, etc. |
c2009 |
| 500 ## - GENERAL NOTE |
| General note |
E Book |
| 650 #0 - SUBJECT ADDED ENTRY--TOPICAL TERM |
| Topical term or geographic name entry element |
Electric filters |
| General subdivision |
Design and construction. |
| 650 #0 - SUBJECT ADDED ENTRY--TOPICAL TERM |
| Topical term or geographic name entry element |
Elektriska filter |
| General subdivision |
design och konstruktion |
| 650 #0 - SUBJECT ADDED ENTRY--TOPICAL TERM |
| Topical term or geographic name entry element |
MATLAB |
| 856 42 - ELECTRONIC LOCATION AND ACCESS |
| Uniform Resource Identifier |
<a href="http://costello.pub.hb.se/login?url=http://link.springer.com/openurl?genre=book&isbn=978-0-387-92766-4">http://costello.pub.hb.se/login?url=http://link.springer.com/openurl?genre=book&isbn=978-0-387-92766-4</a> |
| 856 42 - ELECTRONIC LOCATION AND ACCESS |
| Uniform Resource Identifier |
<a href="http://dx.doi.org/10.1007/978-0-387-92767-1">http://dx.doi.org/10.1007/978-0-387-92767-1</a> |
| 856 42 - ELECTRONIC LOCATION AND ACCESS |
| Uniform Resource Identifier |
<a href="http://ezproxy.its.uu.se/login?url=http://link.springer.com/openurl?genre=book&isbn=978-0-387-92766-4">http://ezproxy.its.uu.se/login?url=http://link.springer.com/openurl?genre=book&isbn=978-0-387-92766-4</a> |
| 856 42 - ELECTRONIC LOCATION AND ACCESS |
| Uniform Resource Identifier |
<a href="http://link.sub.su.se/sfxsub?url_ver=Z39.88-2004&ctx_ver=Z39.88-2004&ctx_enc=info:ofi/enc:UTF-8&rfr_id=info:sid/sfxit.com:opac_856&url_ctx_fmt=info:ofi/fmt:kev:mtx:ctx&sfx.ignore_date_threshold=1&rft.object_id=1000000000761412&svc_val_fmt=info:ofi/fmt:kev:mtx:sch_svc&">http://link.sub.su.se/sfxsub?url_ver=Z39.88-2004&ctx_ver=Z39.88-2004&ctx_enc=info:ofi/enc:UTF-8&rfr_id=info:sid/sfxit.com:opac_856&url_ctx_fmt=info:ofi/fmt:kev:mtx:ctx&sfx.ignore_date_threshold=1&rft.object_id=1000000000761412&svc_val_fmt=info:ofi/fmt:kev:mtx:sch_svc&</a> |
| 856 42 - ELECTRONIC LOCATION AND ACCESS |
| Uniform Resource Identifier |
<a href="http://proxy.lib.chalmers.se/login?url=http://link.springer.com/openurl?genre=book&isbn=978-0-387-92766-4">http://proxy.lib.chalmers.se/login?url=http://link.springer.com/openurl?genre=book&isbn=978-0-387-92766-4</a> |
| 856 42 - ELECTRONIC LOCATION AND ACCESS |
| Uniform Resource Identifier |
<a href="http://proxy.lib.ltu.se/login?url=http://link.springer.com/openurl?genre=book&isbn=978-0-387-92766-4">http://proxy.lib.ltu.se/login?url=http://link.springer.com/openurl?genre=book&isbn=978-0-387-92766-4</a> |
| 856 42 - ELECTRONIC LOCATION AND ACCESS |
| Uniform Resource Identifier |
<a href="http://sfxeu05.hosted.exlibrisgroup.com/46LUB?url_ver=Z39.88-2004&ctx_ver=Z39.88-2004&ctx_enc=info:ofi/enc:UTF-8&rfr_id=info:sid/sfxit.com:opac_856&url_ctx_fmt=info:ofi/fmt:kev:mtx:ctx&sfx.ignore_date_threshold=1&rft.object_id=1000000000761412&svc_val_fmt=info:ofi/fmt:kev:mtx:sch_svc&">http://sfxeu05.hosted.exlibrisgroup.com/46LUB?url_ver=Z39.88-2004&ctx_ver=Z39.88-2004&ctx_enc=info:ofi/enc:UTF-8&rfr_id=info:sid/sfxit.com:opac_856&url_ctx_fmt=info:ofi/fmt:kev:mtx:ctx&sfx.ignore_date_threshold=1&rft.object_id=1000000000761412&svc_val_fmt=info:ofi/fmt:kev:mtx:sch_svc&</a> |
| 856 42 - ELECTRONIC LOCATION AND ACCESS |
| Uniform Resource Identifier |
<a href="http://sfxeu10.hosted.exlibrisgroup.com/sfxkth?url_ver=Z39.88-2004&ctx_ver=Z39.88-2004&ctx_enc=info:ofi/enc:UTF-8&rfr_id=info:sid/sfxit.com:opac_856&url_ctx_fmt=info:ofi/fmt:kev:mtx:ctx&sfx.ignore_date_threshold=1&rft.object_id=1000000000761412&svc_val_fmt=info:ofi/fmt:kev:mtx:sch_svc&">http://sfxeu10.hosted.exlibrisgroup.com/sfxkth?url_ver=Z39.88-2004&ctx_ver=Z39.88-2004&ctx_enc=info:ofi/enc:UTF-8&rfr_id=info:sid/sfxit.com:opac_856&url_ctx_fmt=info:ofi/fmt:kev:mtx:ctx&sfx.ignore_date_threshold=1&rft.object_id=1000000000761412&svc_val_fmt=info:ofi/fmt:kev:mtx:sch_svc&</a> |
| 856 42 - ELECTRONIC LOCATION AND ACCESS |
| Uniform Resource Identifier |
<a href="http://sfxeu11.hosted.exlibrisgroup.com/mah?url_ver=Z39.88-2004&ctx_ver=Z39.88-2004&ctx_enc=info:ofi/enc:UTF-8&rfr_id=info:sid/sfxit.com:opac_856&url_ctx_fmt=info:ofi/fmt:kev:mtx:ctx&sfx.ignore_date_threshold=1&rft.object_id=1000000000761412&svc_val_fmt=info:ofi/fmt:kev:mtx:sch_svc&">http://sfxeu11.hosted.exlibrisgroup.com/mah?url_ver=Z39.88-2004&ctx_ver=Z39.88-2004&ctx_enc=info:ofi/enc:UTF-8&rfr_id=info:sid/sfxit.com:opac_856&url_ctx_fmt=info:ofi/fmt:kev:mtx:ctx&sfx.ignore_date_threshold=1&rft.object_id=1000000000761412&svc_val_fmt=info:ofi/fmt:kev:mtx:sch_svc&</a> |
| 856 42 - ELECTRONIC LOCATION AND ACCESS |
| Uniform Resource Identifier |
<a href="https://lt.ltag.bibl.liu.se/login?url=http://site.ebrary.com/lib/linkoping/Doc?id=10309738">https://lt.ltag.bibl.liu.se/login?url=http://site.ebrary.com/lib/linkoping/Doc?id=10309738</a> |
| 942 ## - ADDED ENTRY ELEMENTS (KOHA) |
| Source of classification or shelving scheme |
|
| Koha item type |
Book |